| 000 | 00665cab a2200193 4500 | ||
|---|---|---|---|
| 001 | ABS40841 | ||
| 008 | 090401t1989 xxu||||| |||| 00| 0 eng d | ||
| 035 | _a(Sirsi) u26304 | ||
| 041 | _aeng | ||
| 100 | _aHazell, T. | ||
| 245 | _aFlickering images of property | ||
| 260 | _c1989 | ||
| 350 | _a0 | ||
| 490 |
_aChartered Surveyor Weekly _v27(6) 11 May 1989, 75(1) |
||
| 520 | _aDescribes a property management computer system developed by Mentor Management . The company is also working towards producing graphical representations of individual properties which are held on record. | ||
| 690 | _aPRACTICE AND TECHNIQUES | ||
| 942 | _n0 | ||
| 948 | _c04/03/1997 | ||
| 999 |
_c17664 _d17664 |
||